| 000 | 00426nam a2200133 4500 | ||
|---|---|---|---|
| 999 |
_c11265 _d11265 |
||
| 008 | 181112b ||||| |||| 00| 0 eng d | ||
| 082 | _aDPer 050 T48 Apr-June 2016 v. 187 n. 12-24. | ||
| 100 |
_932447 _aBremmer, Ian |
||
| 245 |
_aHow brussels will affect brexit/ _cIan Bremmer. |
||
| 260 |
_aHong Kong; _bTime Asia, _cc2016. |
||
| 300 |
_av187 n12, page 10: _c27cm. |
||
| 650 | 0 |
_932448 _aEconomic conditions. |
|
| 942 |
_2ddc _cPER |
||